000 00398nam a2200145Ia 4500
008 230711s9999||||xx |||||||||||||| ||und||
041 _aENG
082 _a4
_bKO-D
100 _aKolimbiris,Harold
245 0 _aDigital communication system with satelite and fibre optics application
250 _a1st . Ed.
260 _c2001
_aNew Delhi
_bPearson
650 _aElectronics Engineering
942 _cBK
999 _c4294
_d4294